000 00959nam a2200301Ia 4500
001 Z_1712
003 CHAP
008 220113s1999 xx 000 0 und d
010 _a164804
040 _cCHAP
090 _aTesis A 1370
100 _aAmacende Aguilar, Falconeris
_95054
245 _aEvaluación biológica de L-metionina y L-lisina sobre la incidencia del sindrome ascítico en pollo de engorda /
_cpor Falconeris Amacende Aguilar y Elías Yañez Rodríguez
260 _aChapingo, Méx. :
_bEl autor,
_c1999
300 _a54 h.
502 _aTesis (Ing. Agr. Esp. en Zootecnia) -- UACH. Departamento de Zootecnia
650 _aAves de corral
_xEnfermedades
_98646
650 _aAves de corral
_xEngorda
_98647
650 _aLisina
_967083
650 _aMetionina
_975235
700 _aYañez Rodríguez, Elías
_9123135
901 _aTESIS A 1370
902 _aM
910 _a1999
942 _c2
942 _c2
999 _c164804
_d164804